000 00833nam a22002177a 4500
005 20180828155811.0
010 _a1718EN-30 B-687352-353 ENG-123873
020 _a9789386392404
_c495.00
035 _aB-687352-353 EN-107405
037 _bUppal
_aDPL
037 _bDBAD/PUB
082 _a891.209
100 _aRamakrishnan, E.V.
245 _aLocating indian literature:
_cby E V.Ramakrishnan
_btexts, traditions, translations /
260 _c2017
_aNew Delhi
_bOrient Blackswan
270 _a1/24, Asaf Ali Road
_bNew Delhi
_e110002
300 _c23cm(pbk)
_axii,215p.
500 _aIt includes references and index
942 _cEN
_2ddc
_mRAM
_h891.209
999 _c144467
_d144467